| 000 | 01891cam a2200385 ab4500 | ||
|---|---|---|---|
| 999 |
_c3854 _d3854 |
||
| 001 | 2345452 | ||
| 003 | OSt | ||
| 005 | 20241111152316.0 | ||
| 008 | 211222r20192011enkab j 000 1 eng d | ||
| 020 | _a9780241346242 | ||
| 040 |
_aNFG _beng _cNFG _dNFG _dOCLCF _dOCLCQ _dOCLCO _dTCPL _dKH8 _eaacr2 |
||
| 042 | _anbic | ||
| 082 | 0 | _aFIC COL | |
| 100 | 1 |
_aColfer, Eoin. _eaut. |
|
| 245 | 1 | 0 |
_aArtemis Fowl and the time paradox / _cEoin Colfer. |
| 250 | _aReissued edition. | ||
| 260 |
_aLondon : _bPuffin, _c2019. |
||
| 300 |
_a430 pages : _billustrations, map ; _c20 cm. |
||
| 490 | 1 |
_aArtemis Fowl ; _v6. |
|
| 500 | _a"Criminally good"--Cover. | ||
| 500 | _aIncludes excerpt "Artemis Fowl and the Atlantis Complex"; The People - A Spotter's Guide; Gnommish Alphabet; Foaly's top-secret gadgets. | ||
| 500 | _aOriginally published: 2008. | ||
| 505 | 0 | _aPrologue: Espresso and Treacle -- World's biggest -- Echoes of magic -- Monkey's uncle -- I now pronounce you -- I to I -- Talk to the animals -- Blob of phlegm -- Prince frog -- Fowl mood -- Pigeon droppings. | |
| 520 | _aArtemis's mother has contracted a deadly disease -- and the only cure lies in the brain fluid of African lemurs. Unfortunately, Artemis himself was responsible for making the lemurs extinct five years ago. Now he must enlist the aid of hisfairy friends to travel back in time and save them. Not only that, but he must face his deadliest foe yet ... his younger self. | ||
| 600 | 1 | 0 |
_aFowl, Artemis _c(Fictitious character) _vJuvenile fiction. |
| 650 | 0 |
_aFairies _vJuvenile fiction. |
|
| 650 | 0 |
_aLeprechauns _vJuvenile fiction. |
|
| 650 | 0 |
_aLemurs _vJuvenile fiction. |
|
| 650 | 0 |
_aTime travel _xJuvenile fiction. |
|
| 650 | 0 |
_aSpace and time _vJuvenile fiction. |
|
| 650 | 0 |
_aMagic _vJuvenile fiction. |
|
| 800 | 1 |
_aColfer, Eoin. _tArtemis Fowl ; _v6. |
|
| 830 | 0 |
_aArtemis Fowl ; _v6. |
|
| 942 |
_2ddc _cFIC |
||